Lula, el partido de los trabajadores y el dilema de la gobernabilidad en Brasil / (Record no. 8197)

MARC details
000 -LEADER
campo de control de longitud fija 03525cam a2200433 i 4500
001 - NÚMERO DE CONTROL
campo de control 126079
005 - FECHA Y HORA DE LA ÚLTIMA TRANSACCIÓN
campo de control 20230404125949.0
008 - DATOS DE LONGITUD FIJA--INFORMACIÓN GENERAL
campo de control de longitud fija 170817s2015 mx 000 0 spa d
020 ## - NÚMERO INTERNACIONAL ESTÁNDAR DEL LIBRO
Número Internacional Estándar del Libro 9786071633453
020 ## - NÚMERO INTERNACIONAL ESTÁNDAR DEL LIBRO
Número Internacional Estándar del Libro 9786079367749
041 ## - CÓDIGO DE IDIOMA
Código de lengua del texto/banda sonora o título independiente spa
050 14 - SIGNATURA TOPOGRÁFICA DE LA BIBLIOTECA DEL CONGRESO
Número de clasificación 103 F 2538.3
Número de ítem G633l 2015
082 00 - NÚMERO DE LA CLASIFICACIÓN DECIMAL DEWEY
Número de clasificación 981
100 1# - ENTRADA PRINCIPAL--NOMBRE DE PERSONA
Nombre de persona Gómez Bruera, Hernán F,
Fechas asociadas al nombre 1976-
240 10 - TÍTULO UNIFORME
Título uniforme Lula, the workers' party and the governability dilemma in Brazil.
-- Español
245 10 - MENCIÓN DEL TÍTULO
Título Lula, el partido de los trabajadores y el dilema de la gobernabilidad en Brasil /
Mención de responsabilidad, etc. Hernán F. Gómez Bruera ; traducción Ana Inés Fernández.
260 ## - PUBLICACIÓN, DISTRIBUCIÓN, ETC.
Lugar de publicación, distribución, etc. México :
Nombre del editor, distribuidor, etc. Centro de Investigación y Docencia Económica :
-- Fondo de Cultura Económica,
Fecha de publicación, distribución, etc. 2015
300 ## - DESCRIPCIÓN FÍSICA
Extensión 414 p. ;
Dimensiones 21 cm
440 #0 - MENCIÓN DE SERIE/PUNTO DE ACCESO ADICIONAL--TÍTULO
Título Politica y derecho.
500 ## - NOTA GENERAL
Nota general Título original : Lula, the workers' party and the governability dilemma in Brazil.
505 0# - NOTA DE CONTENIDO CON FORMATO
Nota de contenido con formato Agradecimientos; Siglas y acrónimos; Prólogo a la primera edición en español; Introducción; I. Los retos de gobernabilidad para los partidos progresistas; Primera parte EL PT ANTES DE SU LLEGADA AL GOBIERNO FEDERAL; II. La fase formativa del PT y su campo sociopolítico; III. Desplazamiento hacia el Estado. La reconfiguración del campo petista; IV. Dos estrategias de gobernabilidad. El PT en el Poder Ejecutivo subnacional; Segunda parte LOS AÑOS DE LULA; V. La dimensión política de la gobernabilidad. La estrategia elitista en ascenso; VI. Del Lula monster a icono de la "izquierda responsable." VII. Participación sin contrahegemoníaVIII. Asegurar la gobernabilidad social. Lidiar con aliados en la sociedad civil; IX. Logros dentro del equilibrio de fuerzas; Consideraciones finales; Apéndices; 1. Información estadística sobre entrevistados; 2. Biografías de los entrevistados; 3. Respuestas a preguntas semiestructuradas; Bibliografía; Índice analítico.
520 ## - RESUMEN, ETC.
Sumario, etc. Análisis político institucional del dilema de la gobernabilidad, entendido como los retos y dificultades a los que se enfrentan los partidos progresistas de masas cuando ejercen el poder estatal. El autor toma como ejemplos paradigmáticos los dos gobiernos de Luiz Inácio Lula da Silva en Brasil (de 2003 a 2006 y de 2007 a 2010), así como su relación con el Partido de los Trabajadores (PT). Analiza cómo un partido político caracterizado por su agenda radical progresista de redistribución socioeconómica y democracia participativa, una vez que llega al poder, puede adoptar una política económica ortodoxa, formar alianzas legislativas con partidos conservadores, alterar su relación con los movimientos sociales y relegar la agenda participativa a los márgenes, en beneficio del partido, logrando el apoyo internacional y aplicando políticas sociales progresistas.
651 #0 - PUNTO DE ACCESO ADICIONAL DE MATERIA--NOMBRE GEOGRÁFICO
Nombre geográfico Brazil
Subdivisión general Politics and government.
600 00 - PUNTO DE ACCESO ADICIONAL DE MATERIA--NOMBRE DE PERSONA
Nombre de persona Lula,
Fechas asociadas al nombre 1945-
610 20 - PUNTO DE ACCESO ADICIONAL DE MATERIA--NOMBRE DE ENTIDAD CORPORATIVA
Nombre de entidad corporativa o nombre de jurisdicción como elemento de entrada Partido dos Trabalhadores (Brazil)
651 #0 - PUNTO DE ACCESO ADICIONAL DE MATERIA--NOMBRE GEOGRÁFICO
Nombre geográfico Brazil
Subdivisión general Economic conditions.
651 #0 - PUNTO DE ACCESO ADICIONAL DE MATERIA--NOMBRE GEOGRÁFICO
Nombre geográfico Brazil
Subdivisión general Social conditions.
651 #0 - PUNTO DE ACCESO ADICIONAL DE MATERIA--NOMBRE GEOGRÁFICO
Nombre geográfico Brazil
Subdivisión general Foreign relations.
651 #4 - PUNTO DE ACCESO ADICIONAL DE MATERIA--NOMBRE GEOGRÁFICO
Nombre geográfico Brasil
Subdivisión general Política y gobierno
Subdivisión cronológica 2003-2016.
600 14 - PUNTO DE ACCESO ADICIONAL DE MATERIA--NOMBRE DE PERSONA
Nombre de persona Silva, Luiz Inácio da,
Fechas asociadas al nombre 1945-
Subdivisión general Pensamiento político y social.
610 24 - PUNTO DE ACCESO ADICIONAL DE MATERIA--NOMBRE DE ENTIDAD CORPORATIVA
Nombre de entidad corporativa o nombre de jurisdicción como elemento de entrada Partido de los Trabajadores :
Sede del congreso/Lugar de la reunión (Brasil)
650 #4 - PUNTO DE ACCESO ADICIONAL DE MATERIA--TÉRMINO DE MATERIA
Término de materia o nombre geográfico como elemento de entrada Izquierdas (Política)
Subdivisión geográfica Brasil.
650 #4 - PUNTO DE ACCESO ADICIONAL DE MATERIA--TÉRMINO DE MATERIA
Término de materia o nombre geográfico como elemento de entrada Partidos políticos
Subdivisión geográfica Brasil.
651 #4 - PUNTO DE ACCESO ADICIONAL DE MATERIA--NOMBRE GEOGRÁFICO
Nombre geográfico Brasil
Subdivisión general Condiciones socioeconómicas
Subdivisión cronológica 2003-2016 .
651 #4 - PUNTO DE ACCESO ADICIONAL DE MATERIA--NOMBRE GEOGRÁFICO
Nombre geográfico Brasil
Subdivisión general Relaciones exteriores.
700 1# - ENTRADA AGREGADA--NOMBRE PERSONAL
Nombre de persona Fernández, Ana Inés,
Término indicativo de función/relación trad.
942 ## - ELEMENTOS DE ENTRADA SECUNDARIOS (KOHA)
Fuente del sistema de clasificación o colocación Clasificación de Library of Congress
Tipo de ítem Koha
946 ## - PROCESAMIENTO DE INFORMACIÓN LOCAL (OCLC)
a dpf
Holdings
Estatus retirado Estado de pérdida Fuente del sistema de clasificación o colocación Estado de daño No para préstamo Colección Biblioteca de origen Biblioteca actual Ubicación en estantería Fecha de adquisición Serial enumeration / chronology Total checkouts Signatura topográfica completa Código de barras Visto por última vez Copia número Precio de reemplazo Tipo de ítem Koha
    Clasificación de Library of Congress     Recursos Regionales Biblioteca Juan Bosch Biblioteca Juan Bosch Recursos Regionales (2do. Piso) 04/04/2023 1   103 F 2538.3 G633l 2015 00000119198 23/10/2018 1 23/10/2018